Top Rock Songs of All-time - Statistics

General Stats
  • This quiz has been taken 96 times
  • The average score is 97 of 255
Answer Stats
Song Artist % Correct
Bohemian Rhapsody Queen
92%
Livin' On A Prayer Bon Jovi
90%
Enter Sandman Metallica
89%
Hey Jude The Beatles
87%
Bad Michael Jackson
86%
Crocodile Rock Elton John
85%
Wonderwall Oasis
85%
Imagine John Lennon
83%
Satisfaction The Rolling Stones
83%
The Final Countdown Europe
82%
American Idiot Green Day
82%
Iron Man Black Sabbath
80%
Born In The U.S.A. Bruce Springsteen
80%
Don't Stop Believin' Journey
80%
So What P!nk
80%
Zombie The Cranberries
80%
Paradise City Guns N' Roses
79%
Dirty Deed Done Dirt Cheap AC/DC
77%
Rebel Yell Billy Idol
76%
Comfortably Numb Pink Floyd
76%
London Calling The Clash
76%
Jump Van Halen
76%
Smoke On The Water Deep Purple
75%
Seven Nation Army The White Stripes
75%
Piano Man Billy Joel
73%
House Of The Rising Sun The Animals
73%
Roxanne The Police
73%
Faith George Michael
72%
God Save The Queen Sex Pistols
72%
Sweet Home Alabama Lynyrd Skynyrd
70%
Sultans Of Swing Dire Straits
69%
All Along The Watchtower Jimi Hendrix
69%
We're Not Gonna Take It Twisted Sister
69%
Song 2 Blur
68%
Black Hole Sun Soundgarden
68%
Poison Alice Cooper
66%
Johnny B. Goode Chuck Berry
66%
Jeremy Pearl Jam
66%
Born To Be Wild Steppenwolf
66%
Everybody Wants To Rule The World Tears for Fears
66%
Yellow Coldplay
65%
Bring Me To Life Evanescence
65%
All Apologies Nirvana
65%
Killing In The Name Of Rage Against the Machine
63%
All Star Smashmouth
63%
Mr. Brightside The Killers
63%
I Wanna Be Sedated The Ramones
63%
More Than A Feeling Boston
62%
Run To The Hills Iron Maiden
62%
Ace Of Spades Motorhead
62%
Friday I'm In Love The Cure
62%
The Boys Are Back In Town Thin Lizzy
62%
Personal Jesus Depeche Mode
61%
Numb Linkin Park
61%
Radioactive Imagine Dragons
59%
Girls Girls Girls Motley Crue
59%
Dani California Red Hot Chili Peppers
59%
Livin' On The Edge Aerosmith
58%
Du Hast Rammstein
58%
Free Fallin' Tom Petty
58%
Bad Moon Rising Creedence Clearwater Revival
56%
Tears In Heaven Eric Clapton
56%
Karma Police Radiohead
56%
L.A. Woman The Doors
56%
Iris Goo Goo Dolls
55%
Shiny Happy People R.E.M.
55%
Sharp Dressed Man ZZ Top
54%
Barracuda Heart
52%
Wind Of Change Scorpions
52%
Owner Of A Lonely Heart Yes
52%
Sabotage Beastie Boys
51%
I Want To Know What Love Is Foreigner
51%
Every Rose Has Its Thorn Poison
51%
Sk8er Boi Avril Lavigne
49%
Rhiannon Fleetwood Mac
49%
Invisible Touch Genesis
49%
Walk Like An Egyptian The Bangles
49%
Self Esteem The Offspring
49%
Kryptonite 3 Doors Down
48%
Changes David Bowie
48%
Heartbrache Hotel Elvis Presley
48%
Learn To Fly Foo Fighters
48%
Rooster Alice in Chains
46%
What's My Age Again Blink-182
46%
I Love Rock And Roll Joan Jett and the Blackhearts
46%
Painkiller Judas Priest
46%
Footloose Kenny Loggins
46%
Beth KISS
46%
We Built This City Starship
46%
Loser Beck
45%
Freak On A Leash Korn
45%
Fly Away Lenny Kravitz
45%
Beautiful People Marilyn Manson
45%
Bullet With Butterfly Wings Smashing Pumpkins
45%
My Sharona The Knack
45%
Here I Go Again Whitesnake
45%
The Passenger Iggy Pop
44%
What's Up 4 Non Blondes
42%
Horse With No Name America
42%
If I Could Turn Back Time Cher
42%
Smooth Santana ft. Rob Thomas
42%
Take My Breath Away Berlin
41%
Just A Girl No Doubt
41%
Don't You (Forget About Me) Simple Minds
41%
Smooth Criminal Alien Ant Farm
39%
Atomic Blondie
39%
Run To You Bryan Adams
39%
Tubthumping Chumbawamba
39%
Rollin' Limp Bizkit
39%
Fuck Tha Police N.W.A.
39%
Sussudio Phil Collins
39%
Black Betty Ram Jam
39%
Mysterious Ways U2
39%
My Sacrifice Creed
38%
Since U Been Gone Kelly Clarkson
38%
Beds Are Burning Midnight Oil
38%
Raining Blood Slayer
38%
Two Princes Spin Doctors
38%
I Bet You Look Good On The Dancefloor Arctic Monkeys
37%
Like A Stone Audioslave
37%
White Room Cream
37%
Peace Sells... But Who's Buying? Megadeth
37%
Walk Pantera
37%
Cherry Pie Warrant
37%
Bad To The Bone George Thorogood
35%
Love Is A Battlefield Pat Benatar
35%
Thnks Fr Th Mmrs Fall Out Boy
34%
Round And Round Ratt
34%
Fields of Gold Sting
34%
Magic The Cars
34%
More Than Words Extreme
32%
Paradise By The Dashboard Light Meat Loaf
32%
Runaway Train Soul Asylum
32%
Drops Of Jupiter Train
32%
Hash Pipe Weezer
32%
Teenage Dirtbag Wheatus
32%
Hand In My Pocket Alanis Morissette
31%
Wicked Game Chris Isaak
31%
Animal Def Leppard
31%
Take Me Out Franz Ferdinand
31%
Use Somebody Kings of Leon
31%
I Write Sins Not Tragedies Panic! At the Disco
31%
Purple Rain Prince and the Revolution
31%
Wait And Bleed Slipknot
31%
Trippin' On A Hole In A Paper Heart Stone Temple Pilots
31%
Fat Lip Sum 41
31%
I Hate Everything About You Three Days Grace
31%
Stupid Girl Garbage
30%
The Middle Jimmy Eat World
30%
Someday Nickelback
30%
Chasing Cars Snow Patrol
30%
Hunger Strike Temple of the Dog
30%
Semi-Charmed Life Third Eye Blind
30%
No Rain Blind Melon
28%
Bawitdaba Kid Rock
28%
Closer Nine Inch Nails
28%
How Soon Is Now The Smiths
28%
Glycerine Bush
27%
Whip It Devo
27%
Dog Days Are Over Florence + the Machine
27%
Cult Of Personality Living Colour
27%
Uprising Muse
27%
Dragula Rob Zombie
27%
Centerfold The J. Geils Band
27%
Violet Hole
25%
Devil Inside INXS
25%
Walk On The Wild Side Lou Reed
25%
Come Sail Away Styx
25%
She Sells Sanctuary The Cult
25%
Gives You Hell All American Rejects
24%
You Ain't Seen Nothin' Yet Bachman Turner Overdrive
24%
Holiday In Cambodia Dead Kennedys
24%
My Own Worst Enemy Lit
24%
Lump The Presidents of the United States of America
24%
Back On The Chain Gang The Pretenders
24%
Everybody Wang Chung Tonight Wang Chung
24%
One Week Barenaked Ladies
23%
Jane Says Jane's Addiction
23%
Hurts So Good John Mellencamp
23%
Who Can It Be Now? Men at Work
23%
Bitch Meredith Brooks
23%
In Your Eyes Peter Gabriel
23%
Santeria Sublime
23%
Our Lips Are Sealed The Go-Go's
23%
The Kill (Bury Me) 30 Seconds to Mars
21%
The Reason Hoobastank
21%
Indians Anthrax
20%
Save Tonight Eagle Eye Cherry
20%
Drive Incubus
20%
Lightning Crashes Live
20%
Sex And Candy Marcy Playground
20%
I Remember You Skid Row
20%
The Drugs Don't Work The Verve
20%
Werewolves Of London Warren Zevon
20%
Pretend That We're Dead L7
18%
No One Knows Queens of the Stone Age
18%
Headstrong Trapt
18%
I Want Candy Bow Wow Wow
17%
Shine Collective Soul
17%
Unwell Matchbox Twenty
17%
Blurry Puddle of Mudd
17%
It's Been Awhile Staind
17%
Blister In The Sun Violent Femmes
17%
Joker And The Thief Wolfmother
17%
The Bad Touch Bloodhound Gang
15%
Easy Faith No More
15%
Hey Jealousy Gin Blossoms
15%
Little Lion Man Mumford and Sons
15%
My Name Is Mud Primus
15%
Silent Lucidity Queensryche
15%
Monster Skillet
15%
Life Is A Highway Tom Cochrane
15%
Lateralus Tool
15%
More Human Than Human White Zombie
15%
Pepper Butthole Surfers
14%
Tomorrow Silverchair
14%
She Talks To Angels The Black Crowes
14%
The Impression That I Get The Mighty Mighty Bosstones
14%
Missionary Man Eurythmics
13%
What It's Like Everlast
13%
Grace Jeff Buckley
13%
Broken Seether
13%
Closing Time Semisonic
13%
Through Glass Stone Sour
13%
Bohemian Like You The Dandy Warhols
13%
One Headlight The Wallflowers
13%
Crazy Bitch Buckcherry
11%
Far Behind Candlebox
11%
Just Like Paradise David Lee Roth
11%
Hey Man Nice Shot Filter
11%
Lips Of An Angel Hinder
11%
Blue Monday Orgy
11%
Fly Sugar Ray
11%
I Believe In A Thing Called Love The Darkness
11%
I Touch Myself The Divinyls
11%
Whatever Godsmack
8%
Only Wanna Be With You Hootie and the Blowfish
8%
Nearly Lost You Screaming Trees
8%
Devil Gate Drive Suzi Quatro
8%
Flagpole Sitta Harvey Danger
7%
Jesus Built My Hotrod Ministry
7%
Superman's Dead Our Lady Peace
7%
Can You Forgive Her? Pet Shop Boys
7%
Judith A Perfect Circle
6%
Shimmer Fuel
6%
Love Song Tesla
6%
Electric Blue Icehouse
4%
Hanging By A Moment Lifehouse
4%
Angel Theory of a Deadman
4%
If You Could Only See Tonic
4%
On My Mind Powderfinger
1%
Desperately Slaughter
1%
The Ubiquitous Mr. Lovegrove Dead Can Dance
0%
Juke-Joint Jezebel KMFDM
0%
Eye Of The Tiger Surviovor
0%
No matching quizzes found
Score Distribution
Percent of People with Each Score
Percentile by Number Answered
Your Score History
You have not taken this quiz